000 00686nam 22001933 4500
001 200772
010 _a972-31-0885-2
021 _b166998/01
090 _a200772
100 _a20260226d u||y0pory50 ba
200 _aArte monástica em Lorvão
_esombras e realidade: Das origens a 1737
_fNelson Correia Borges
210 _aLisboa
_cFundação Calouste Gulbenkian, Fundação para a Ciência e a tecnologia, Ministério da Ciência e Tecnologia
_d2002
215 _avol. I (703 p.)
_cbrochado
_d23 cm
606 _94638
_aEstilos de arte.
675 _a7.03
_vPT
_zpor
700 _914177
_aBorges
_bNelson Correia
_f1943-
801 _aPT
_bBMMN
_gRPC
830 _cFernando
_fFernando
990 _cLIVROS